| 000 | 02139nam0a2200361 4500 | ||
|---|---|---|---|
| 001 | RU\NLR\BIBL_A\010854399 | ||
| 005 | 201510090508 | ||
| 010 |
_a978-5-353-07409-0 _912000. |
||
| 021 |
_aRU _b2015-70555 _94222 |
||
| 035 | _a(NLR Aleph) 010854399 | ||
| 035 | _a(NILC)RuMoRGB-008018532 | ||
| 090 |
_a10389307 _c10389307 |
||
| 100 | _a20151002d2015 dm y0rusy50 ca | ||
| 101 | 1 |
_arus _ceng |
|
| 102 | _aRU | ||
| 105 | _aa|||z|||000ay | ||
| 200 | 1 |
_aСказки дядюшки Римуса _e[для среднего школьного возраста] _fДж. Ч. Харрис _gпер. с англ. и обраб. М. Гершензона _gхудож.: М. Волкова |
|
| 210 |
_aМосква _cРосмэн _d2015 |
||
| 215 |
_a122, [5] с. _cцв. ил. _d21 |
||
| 225 | 1 | _aВнеклассное чтение | |
| 300 | _aПроизведение печатается без сокращений | ||
| 327 | 0 | _aСодерж.: Братец Лис и Братец Кролик; Смоляное чучелко; Храбрый Братец Опоссум; Как Братец Кролик перехитрил Братца Лиса; Сказка про лошадь Братца Кролика; Как Братец Кролик опять перехитрил Братца Лиса; Как Братец Сарыч перехитрил Братца Лиса; Как Братец Кролик выдоил Матушку Корову; В гостях у Матушки Мидоус; Неудача Братца Волка [и др.] | |
| 686 | 0 | _aШ9(7США)62-4 | |
| 700 | 1 |
_aХаррис _bД. Ч. _f1848-1908 _gДжоэль Чендлер _3RU\NLR\AUTH\774056 |
|
| 702 | 1 |
_aГершензон _bМ. А. _f1900-1942 _gМихаил Абрамович _3RU\NLR\AUTH\7729711 _4010 |
|
| 702 | 1 |
_aВолкова _bМ. Г. _cхудожник _f1954- _gМаргарита Григорьевна _3RU\NLR\AUTH\770149680 _4040 |
|
| 801 | 0 |
_aRU _bРГБ _c20150910 _gRCR |
|
| 942 | _cBOOK | ||
| 980 | _aNBR | ||
| 980 | _aNB | ||